[Event "Campeonato de España Veteranos 2017"]
[Site "Altea"]
[Date "2017.10.07"]
[Round "1"]
[White "Campos Gambuti, Luis Maria"]
[Black "Esquerdo Nogueroles, Gaspar"]
[Result "1-0"]
[Board "1"]
[WhiteTitle "IM"]
[WhiteElo "2413"]
[WhiteCountry "ESP"]
[WhiteFideId "2226979"]
[WhiteEloChange "1"]
[BlackElo "1928"]
[BlackCountry "ESP"]
[BlackFideId "2218674"]
[BlackEloChange "-2"]

1. d4 {[%clk 1:30:58]} Nf6 {[%clk 1:28:36]} 2. Nc3 {[%clk 1:31:21]} d5 {[%clk
1:28:43]} 3. Bg5 {[%clk 1:31:43]} e6 {[%clk 1:28:34]} 4. e4 {[%clk 1:32:04]} dxe4
{[%clk 1:28:44]} 5. Nxe4 {[%clk 1:32:26]} Be7 {[%clk 1:29:05]} 6. Bxf6 {[%clk
1:32:41]} Bxf6 {[%clk 1:29:22]} 7. Nxf6+ {[%clk 1:33:06]} Qxf6 {[%clk 1:29:38]}
8. Nf3 {[%clk 1:33:31]} Nc6 {[%clk 1:28:32]} 9. Qd3 {[%clk 1:33:30]} Bd7 {[%clk
1:28:23]} 10. O-O-O {[%clk 1:32:47]} O-O {[%clk 1:10:14]} 11. Qc3 {[%clk
1:31:06]} Rac8 {[%clk 1:03:52]} 12. Bd3 {[%clk 1:30:31]} Rfd8 {[%clk 1:01:37]}
13. Qe1 {[%clk 1:22:34]} Be8 {[%clk 0:57:56]} 14. Qe4 {[%clk 1:20:27]} g6 {[%clk
0:58:09]} 15. c3 {[%clk 1:18:56]} a6 {[%clk 0:57:32]} 16. h4 {[%clk 1:19:13]} b5
{[%clk 0:47:25]} 17. a3 {[%clk 1:15:26]} Rd5 {[%clk 0:43:47]} 18. h5 {[%clk
1:14:21]} a5 {[%clk 0:41:03]} 19. hxg6 {[%clk 1:13:04]} fxg6 {[%clk 0:40:03]} 20.
Rde1 {[%clk 1:11:36]} Bf7 {[%clk 0:37:39]} 21. Qh4 {[%clk 1:11:27]} Qxh4 {[%clk
0:35:55]} 22. Rxh4 {[%clk 1:11:41]} Kg7 {[%clk 0:32:35]} 23. Be4 {[%clk 1:07:39]}
Rd6 {[%clk 0:32:37]} 24. Bxc6 {[%clk 1:07:30]} Rxc6 {[%clk 0:33:05]} 25. Ne5
{[%clk 1:07:53]} Rb6 {[%clk 0:32:27]} 26. Nxf7 {[%clk 1:08:04]} Kxf7 {[%clk
0:32:55]} 27. Rxh7+ {[%clk 1:08:27]} Kf6 {[%clk 0:33:09]} 28. Re5 {[%clk
1:04:16]} b4 {[%clk 0:25:08]} 29. g4 {[%clk 1:02:20]} g5 {[%clk 0:24:55]} 30.
Rh6+ {[%clk 1:00:51]} Kf7 {[%clk 0:21:50]} 31. axb4 {[%clk 0:53:30]} axb4 {[%clk
0:22:07]} 32. Rc5 {[%clk 0:51:46]} c6 {[%clk 0:18:04]} 33. Ra5 {[%clk 0:50:13]}
bxc3 {[%clk 0:14:40]} 34. bxc3 {[%clk 0:50:32]} Rcb8 {[%clk 0:12:40]} 35. Ra7+
{[%clk 0:50:57]} Kg8 {[%clk 0:12:35]} 36. Rxe6 {[%clk 0:47:25]} Rb1+ {[%clk
0:11:53]} 37. Kc2 {[%clk 0:47:40]} R1b2+ {[%clk 0:11:30]} 38. Kd3 {[%clk
0:47:58]} Rxf2 {[%clk 0:11:46]} 39. Rg6+ {[%clk 0:48:12]} Kh8 {[%clk 0:11:34]}
40. Rxg5 {[%clk 0:48:31]} Rf3+ {[%clk 0:10:54]} 41. Kc4 {[%clk 0:48:32]} Rf4
{[%clk 0:11:01]} 42. Ra1 {[%clk 0:48:20]} 1-0

[Event "Campeonato de España Veteranos 2017"]
[Site "Altea"]
[Date "2017.10.07"]
[Round "1"]
[White "Brusi Noguera, Ricardo Ll."]
[Black "Juarez Manzano, Juan"]
[Result "1-0"]
[Board "7"]
[WhiteElo "2156"]
[WhiteCountry "ESP"]
[WhiteFideId "2279487"]
[WhiteEloChange "3"]
[BlackElo "1885"]
[BlackCountry "ESP"]
[BlackFideId "2220660"]
[BlackEloChange "-3"]

1. d4 {[%clk 1:30:55]} Nf6 {[%clk 1:30:58]} 2. c4 {[%clk 1:31:16]} e6 {[%clk
1:31:11]} 3. Nc3 {[%clk 1:31:36]} Bb4 {[%clk 1:31:20]} 4. e3 {[%clk 1:31:33]} O-O
{[%clk 1:31:42]} 5. Ne2 {[%clk 1:31:11]} d5 {[%clk 1:28:28]} 6. cxd5 {[%clk
1:30:46]} exd5 {[%clk 1:28:17]} 7. g3 {[%clk 1:30:37]} Re8 {[%clk 1:22:31]} 8.
Bg2 {[%clk 1:30:26]} b6 {[%clk 1:20:58]} 9. Qb3 {[%clk 1:27:50]} c5 {[%clk
1:15:46]} 10. O-O {[%clk 1:18:49]} Bxc3 {[%clk 1:11:45]} 11. Nxc3 {[%clk
1:16:16]} c4 {[%clk 1:06:25]} 12. Qc2 {[%clk 1:14:26]} Bb7 {[%clk 1:06:43]} 13.
b3 {[%clk 1:12:10]} cxb3 {[%clk 1:02:45]} 14. Qxb3 {[%clk 1:11:43]} Kh8 {[%clk
0:47:56]} 15. Bd2 {[%clk 1:05:39]} Nc6 {[%clk 0:43:21]} 16. Rfc1 {[%clk 0:54:29]}
Na5 {[%clk 0:43:03]} 17. Qd1 {[%clk 0:49:44]} Nc4 {[%clk 0:42:09]} 18. Be1 {[%clk
0:48:04]} Rc8 {[%clk 0:39:17]} 19. a4 {[%clk 0:46:21]} Ne4 {[%clk 0:33:11]} 20.
Nxe4 {[%clk 0:42:25]} dxe4 {[%clk 0:33:23]} 21. Rcb1 {[%clk 0:39:32]} a6 {[%clk
0:26:41]} 22. Bf1 {[%clk 0:38:34]} Bd5 {[%clk 0:23:57]} 23. Rb3 {[%clk 0:31:05]}
Rb8 {[%clk 0:20:17]} 24. Rab1 {[%clk 0:24:38]} Qd7 {[%clk 0:11:59]} 25. Bxc4
{[%clk 0:16:03]} Bxc4 {[%clk 0:12:26]} 26. Rxb6 {[%clk 0:16:30]} Rxb6 {[%clk
0:10:16]} 27. Rxb6 {[%clk 0:16:58]} Rc8 {[%clk 0:07:21]} 28. Bb4 {[%clk 0:14:27]}
Qh3 {[%clk 0:05:32]} 29. Bc5 {[%clk 0:14:04]} Be6 {[%clk 0:03:54]} 30. f3 {[%clk
0:07:28]} Qh5 {[%clk 0:03:25]} 31. g4 {[%clk 0:03:23]} Qh3 {[%clk 0:03:46]} 32.
Qf1 {[%clk 0:03:41]} Qxf3 {[%clk 0:02:38]} 33. Qxf3 {[%clk 0:04:07]} exf3 {[%clk
0:03:07]} 34. Rxa6 {[%clk 0:03:43]} Bxg4 {[%clk 0:03:27]} 35. Kf2 {[%clk
0:03:38]} Rb8 {[%clk 0:02:39]} 36. Rb6 {[%clk 0:03:57]} Ra8 {[%clk 0:01:44]} 37.
a5 {[%clk 0:04:06]} h5 {[%clk 0:01:07]} 38. a6 {[%clk 0:03:36]} Bc8 {[%clk
0:01:28]} 39. a7 {[%clk 0:02:21]} Rxa7 {[%clk 0:01:44]} 40. Rb8 {[%clk 0:02:49]}
Rc7 {[%clk 0:02:03]} 41. Kxf3 {[%clk 0:03:08]} Kh7 {[%clk 0:02:07]} 42. Ke4
{[%clk 0:03:00]} Bb7+ {[%clk 0:01:35]} 43. Ke5 {[%clk 0:03:26]} f6+ {[%clk
0:00:36]} 44. Kd6 {[%clk 0:03:48]} Rf7 {[%clk 0:00:37]} 45. Ke6 {[%clk 0:02:01]}
Kg6 {[%clk 0:01:00]} 46. d5 {[%clk 0:01:59]} f5 {[%clk 0:00:58]} 47. Rxb7 {[%clk
0:01:42]} Rxb7 {[%clk 0:01:02]} 48. d6 {[%clk 0:02:10]} Kg5 {[%clk 0:01:01]} 49.
d7 {[%clk 0:02:17]} Rb8 {[%clk 0:00:43]} 50. Be7+ {[%clk 0:02:16]} Kg4 {[%clk
0:01:12]} 51. d8Q {[%clk 0:02:02]} Rxd8 {[%clk 0:01:38]} 52. Bxd8 {[%clk
0:02:29]} f4 {[%clk 0:01:05]} 53. exf4 {[%clk 0:02:45]} Kxf4 {[%clk 0:01:30]} 54.
h4 {[%clk 0:02:56]} 1-0

[Event "Campeonato de España Veteranos 2017"]
[Site "Altea"]
[Date "2017.10.07"]
[Round "1"]
[White "Alamillo Sanz, Ildefonso"]
[Black "Serra Olives, Tomas"]
[Result "0-1"]
[Board "12"]
[WhiteElo "1803"]
[WhiteCountry "ESP"]
[WhiteFideId "22267778"]
[WhiteEloChange "-2"]
[BlackTitle "FM"]
[BlackElo "2146"]
[BlackCountry "ESP"]
[BlackFideId "2203774"]
[BlackEloChange "2"]

1. e4 {[%clk 1:30:55]} c5 {[%clk 1:30:53]} 2. c3 {[%clk 1:31:11]} e5 {[%clk
1:31:10]} 3. Bc4 {[%clk 1:31:05]} Nf6 {[%clk 1:31:23]} 4. d3 {[%clk 1:31:22]} Nc6
{[%clk 1:29:48]} 5. f4 {[%clk 1:29:15]} d5 {[%clk 1:21:07]} 6. exd5 {[%clk
1:29:26]} Nxd5 {[%clk 1:21:29]} 7. Qf3 {[%clk 1:24:48]} Nf6 {[%clk 1:15:30]} 8.
Bb5 {[%clk 1:21:34]} Bd7 {[%clk 1:15:44]} 9. a4 {[%clk 1:14:20]} Bd6 {[%clk
1:12:41]} 10. Ne2 {[%clk 1:05:20]} O-O {[%clk 1:12:07]} 11. f5 {[%clk 1:03:12]}
a6 {[%clk 1:10:33]} 12. Bxc6 {[%clk 1:01:05]} Bxc6 {[%clk 1:10:53]} 13. Qh3
{[%clk 0:57:33]} c4 {[%clk 1:09:45]} 14. O-O {[%clk 0:49:39]} cxd3 {[%clk
1:09:41]} 15. Ng3 {[%clk 0:48:59]} e4 {[%clk 1:00:41]} 16. Be3 {[%clk 0:45:52]}
Qe7 {[%clk 0:46:21]} 17. Kh1 {[%clk 0:44:01]} Bc5 {[%clk 0:37:12]} 18. Bg5 {[%clk
0:41:06]} e3 {[%clk 0:37:27]} 19. Nh5 {[%clk 0:40:34]} e2 {[%clk 0:37:49]} 20.
Nd2 {[%clk 0:38:50]} exf1Q+ {[%clk 0:36:38]} 21. Rxf1 {[%clk 0:38:56]} Qe2 {[%clk
0:36:00]} 22. Ng3 {[%clk 0:34:32]} Qg4 {[%clk 0:34:43]} 0-1

[Event "Campeonato de España Veteranos 2017"]
[Site "Altea"]
[Date "2017.10.08"]
[Round "2"]
[White "Carbonell Bofill, Carlos Eloy"]
[Black "Campos Gambuti, Luis Maria"]
[Result "0-1"]
[Board "1"]
[WhiteTitle "FM"]
[WhiteElo "2050"]
[WhiteCountry "ESP"]
[WhiteFideId "2203391"]
[WhiteEloChange "-2"]
[BlackTitle "IM"]
[BlackElo "2413"]
[BlackCountry "ESP"]
[BlackFideId "2226979"]
[BlackEloChange "1"]

1. c4 {[%clk 1:30:51]} e5 {[%clk 1:30:23]} 2. Nc3 {[%clk 1:30:53]} Nf6 {[%clk
1:30:45]} 3. Nf3 {[%clk 1:30:37]} Nc6 {[%clk 1:30:22]} 4. g3 {[%clk 1:30:50]} Bc5
{[%clk 1:29:26]} 5. a3 {[%clk 1:30:27]} e4 {[%clk 1:24:29]} 6. b4 {[%clk
1:29:47]} Bxf2+ {[%clk 1:12:03]} 7. Kxf2 {[%clk 1:30:14]} Ng4+ {[%clk 1:12:12]}
8. Kg2 {[%clk 1:29:12]} exf3+ {[%clk 1:12:28]} 9. exf3 {[%clk 1:29:40]} Nf6
{[%clk 1:12:52]} 10. Qe1+ {[%clk 1:29:23]} Ne7 {[%clk 1:13:01]} 11. Ne4 {[%clk
1:29:07]} Nxe4 {[%clk 1:12:47]} 12. fxe4 {[%clk 1:26:01]} O-O {[%clk 1:12:32]}
13. d4 {[%clk 1:26:29]} d6 {[%clk 1:12:25]} 14. Bd3 {[%clk 1:26:28]} b6 {[%clk
1:10:23]} 15. Rf1 {[%clk 1:26:40]} a5 {[%clk 1:09:27]} 16. b5 {[%clk 1:24:33]}
Bb7 {[%clk 1:09:10]} 17. Ra2 {[%clk 1:24:41]} Qd7 {[%clk 1:08:03]} 18. Raf2
{[%clk 1:24:06]} Rae8 {[%clk 1:06:04]} 19. d5 {[%clk 1:23:02]} Ng6 {[%clk
1:05:43]} 20. Qe2 {[%clk 1:20:36]} Bc8 {[%clk 1:05:05]} 21. Qh5 {[%clk 1:17:22]}
Re5 {[%clk 1:01:32]} 22. Rf5 {[%clk 1:17:40]} Qe7 {[%clk 1:01:21]} 23. Bb2 {[%clk
1:16:11]} Rxe4 {[%clk 1:00:56]} 24. h4 {[%clk 1:03:24]} Bxf5 {[%clk 0:59:31]} 25.
Rxf5 {[%clk 0:48:28]} Re8 {[%clk 0:59:13]} 26. Rf2 {[%clk 0:44:50]} Re3 {[%clk
0:54:58]} 27. Qf5 {[%clk 0:44:40]} Rxd3 {[%clk 0:51:53]} 28. Qxd3 {[%clk
0:44:03]} Qe4+ {[%clk 0:52:21]} 29. Qf3 {[%clk 0:40:41]} Qxf3+ {[%clk 0:51:48]}
30. Kxf3 {[%clk 0:41:04]} Ne5+ {[%clk 0:52:14]} 31. Bxe5 {[%clk 0:39:53]} Rxe5
{[%clk 0:52:42]} 32. Rf1 {[%clk 0:40:09]} f5 {[%clk 0:53:01]} 33. Rc1 {[%clk
0:37:14]} Re4 {[%clk 0:53:14]} 34. Kf2 {[%clk 0:36:43]} Kf7 {[%clk 0:53:36]} 35.
Kf3 {[%clk 0:36:13]} Kf6 {[%clk 0:53:58]} 36. Kf2 {[%clk 0:35:12]} Ke5 {[%clk
0:53:57]} 0-1

[Event "Campeonato de España Veteranos 2017"]
[Site "Altea"]
[Date "2017.10.08"]
[Round "2"]
[White "Aranaz Portugues, Jose Carlos"]
[Black "Clari Mascarell, Jose Javier"]
[Result "1/2-1/2"]
[Board "3"]
[WhiteElo "2159"]
[WhiteCountry "ESP"]
[WhiteFideId "2274710"]
[WhiteEloChange "-3"]
[BlackElo "2047"]
[BlackCountry "ESP"]
[BlackFideId "2207486"]
[BlackEloChange "3"]

1. d4 {[%clk 1:30:55]} e6 {[%clk 1:30:56]} 2. c4 {[%clk 1:31:14]} f5 {[%clk
1:31:06]} 3. g3 {[%clk 1:27:48]} Nf6 {[%clk 1:31:26]} 4. Bg2 {[%clk 1:28:13]} d5
{[%clk 1:31:48]} 5. Nh3 {[%clk 1:26:13]} c6 {[%clk 1:31:55]} 6. O-O {[%clk
1:25:01]} Bd6 {[%clk 1:28:39]} 7. Bf4 {[%clk 1:25:02]} O-O {[%clk 1:28:40]} 8.
Nd2 {[%clk 1:24:59]} Qe7 {[%clk 1:27:54]} 9. c5 {[%clk 1:12:08]} Bxf4 {[%clk
1:22:24]} 10. gxf4 {[%clk 1:12:29]} b6 {[%clk 1:16:57]} 11. b4 {[%clk 1:12:12]}
Ba6 {[%clk 1:04:27]} 12. Nf3 {[%clk 1:08:04]} Nbd7 {[%clk 0:58:09]} 13. Qc2
{[%clk 1:07:22]} Bc4 {[%clk 0:54:57]} 14. Rfe1 {[%clk 0:58:12]} Ne4 {[%clk
0:49:52]} 15. Nd2 {[%clk 0:54:15]} Nxd2 {[%clk 0:43:53]} 16. Qxd2 {[%clk
0:54:43]} h6 {[%clk 0:43:50]} 17. Rec1 {[%clk 0:48:46]} b5 {[%clk 0:37:54]} 18.
a4 {[%clk 0:48:24]} a6 {[%clk 0:28:14]} 19. Ra3 {[%clk 0:47:24]} Ra7 {[%clk
0:21:03]} 20. Kh1 {[%clk 0:46:44]} Kh7 {[%clk 0:17:08]} 21. Ng1 {[%clk 0:40:20]}
Rfa8 {[%clk 0:13:56]} 22. a5 {[%clk 0:40:28]} Rg8 {[%clk 0:14:15]} 23. Rh3 {[%clk
0:40:46]} g5 {[%clk 0:13:23]} 24. fxg5 {[%clk 0:37:27]} Qxg5 {[%clk 0:13:44]} 25.
Qxg5 {[%clk 0:37:49]} Rxg5 {[%clk 0:14:12]} 26. f4 {[%clk 0:36:53]} Rg8 {[%clk
0:07:17]} 27. Nf3 {[%clk 0:36:17]} Bxe2 {[%clk 0:05:26]} 28. Ng5+ {[%clk
0:35:54]} Kg6 {[%clk 0:04:59]} 29. Nxe6 {[%clk 0:35:41]} Re8 {[%clk 0:04:54]} 30.
Re3 {[%clk 0:30:53]} Kf6 {[%clk 0:03:35]} 31. Rxe2 {[%clk 0:29:54]} Nf8 {[%clk
0:02:06]} 32. Rce1 {[%clk 0:26:03]} Rxe6 {[%clk 0:02:31]} 33. Re5 {[%clk
0:26:04]} Rxe5 {[%clk 0:00:36]} 34. fxe5+ {[%clk 0:24:14]} Kg6 {[%clk 0:01:05]}
35. Rg1 {[%clk 0:23:07]} Kf7 {[%clk 0:00:36]} 36. Bh3 {[%clk 0:20:45]} Ne6 {[%clk
0:00:37]} 37. Bxf5 {[%clk 0:20:00]} Nxd4 {[%clk 0:01:06]} 38. Bg4 {[%clk
0:19:08]} Re7 {[%clk 0:01:18]} 39. Rf1+ {[%clk 0:16:30]} Kg7 {[%clk 0:01:48]} 40.
Bc8 {[%clk 0:16:45]} Nc2 {[%clk 0:01:36]} 41. Rf4 {[%clk 0:16:31]} d4 {[%clk
0:01:37]} 42. Bf5 {[%clk 0:14:17]} Nxb4 {[%clk 0:00:54]} 43. Rxd4 {[%clk
0:08:19]} Rxe5 {[%clk 0:01:16]} 44. Bc8 {[%clk 0:08:02]} Nd5 {[%clk 0:00:35]} 45.
Bxa6 {[%clk 0:07:38]} Re1+ {[%clk 0:00:51]} 46. Kg2 {[%clk 0:08:06]} Ra1 {[%clk
0:01:07]} 47. Rxd5 {[%clk 0:07:44]} cxd5 {[%clk 0:00:35]} 48. c6 {[%clk 0:08:12]}
Rxa5 {[%clk 0:00:37]} 49. c7 {[%clk 0:08:41]} Ra2+ {[%clk 0:01:01]} 50. Kf3
{[%clk 0:08:36]} Rc2 {[%clk 0:01:17]} 51. c8Q {[%clk 0:09:01]} Rxc8 {[%clk
0:01:42]} 52. Bxc8 {[%clk 0:09:20]} Kf6 {[%clk 0:01:45]} 53. Kf4 {[%clk 0:09:34]}
b4 {[%clk 0:01:30]} 54. Bf5 {[%clk 0:08:48]} b3 {[%clk 0:01:41]} 55. h4 {[%clk
0:08:55]} h5 {[%clk 0:01:23]} 56. Bb1 {[%clk 0:08:53]} d4 {[%clk 0:00:52]} 57.
Bd3 {[%clk 0:09:06]} b2 {[%clk 0:01:21]} 58. Bf5 {[%clk 0:09:09]} Kg7 {[%clk
0:01:01]} 59. Kg5 {[%clk 0:09:33]} Kh8 {[%clk 0:01:18]} 1/2-1/2

[Event "Campeonato de España Veteranos 2017"]
[Site "Altea"]
[Date "2017.10.08"]
[Round "2"]
[White "Cantero Navarro, Antonio"]
[Black "Lopez de Turiso, Jose Angel"]
[Result "1/2-1/2"]
[Board "5"]
[WhiteElo "2153"]
[WhiteCountry "ESP"]
[WhiteFideId "2203235"]
[WhiteEloChange "-4"]
[BlackElo "2020"]
[BlackCountry "ESP"]
[BlackFideId "2207680"]
[BlackEloChange "4"]

1. b3 {[%clk 1:30:45]} e5 {[%clk 1:30:12]} 2. Bb2 {[%clk 1:31:08]} d6 {[%clk
1:30:19]} 3. c4 {[%clk 1:30:41]} f5 {[%clk 1:29:58]} 4. Nf3 {[%clk 1:30:27]} Nf6
{[%clk 1:30:08]} 5. Nc3 {[%clk 1:30:26]} Be7 {[%clk 1:29:22]} 6. g3 {[%clk
1:27:18]} O-O {[%clk 1:28:51]} 7. Bg2 {[%clk 1:27:28]} Qe8 {[%clk 1:26:13]} 8. e3
{[%clk 1:14:51]} Nc6 {[%clk 1:23:18]} 9. d4 {[%clk 1:12:42]} e4 {[%clk 1:16:44]}
10. Ng1 {[%clk 1:12:58]} Nb4 {[%clk 1:12:43]} 11. Bf1 {[%clk 1:13:21]} c6 {[%clk
1:11:10]} 12. a3 {[%clk 1:04:48]} Na6 {[%clk 1:11:25]} 13. Nge2 {[%clk 1:04:41]}
Nc7 {[%clk 1:10:34]} 14. h4 {[%clk 1:04:36]} d5 {[%clk 1:07:38]} 15. Nf4 {[%clk
1:03:18]} Bd6 {[%clk 1:00:57]} 16. Nh3 {[%clk 0:59:29]} b6 {[%clk 0:57:15]} 17.
Ng5 {[%clk 0:47:42]} h6 {[%clk 0:54:10]} 18. Nh3 {[%clk 0:47:49]} Bb7 {[%clk
0:54:07]} 19. Qc2 {[%clk 0:43:45]} c5 {[%clk 0:51:03]} 20. dxc5 {[%clk 0:39:19]}
Bxc5 {[%clk 0:48:55]} 21. cxd5 {[%clk 0:38:31]} Nfxd5 {[%clk 0:45:23]} 22. Bc4
{[%clk 0:38:12]} Kh8 {[%clk 0:44:54]} 23. Nxd5 {[%clk 0:37:17]} Bxd5 {[%clk
0:43:49]} 24. Qc3 {[%clk 0:37:31]} Qf7 {[%clk 0:42:55]} 25. Rc1 {[%clk 0:12:55]}
Bxc4 {[%clk 0:32:21]} 26. Qxc4 {[%clk 0:13:18]} Qxc4 {[%clk 0:29:42]} 27. Rxc4
{[%clk 0:13:42]} Ne6 {[%clk 0:28:12]} 28. b4 {[%clk 0:12:44]} Bd6 {[%clk
0:26:14]} 29. Ke2 {[%clk 0:10:24]} Rac8 {[%clk 0:25:34]} 30. Rhc1 {[%clk
0:10:42]} Rxc4 {[%clk 0:25:52]} 31. Rxc4 {[%clk 0:11:05]} Kg8 {[%clk 0:25:35]}
32. Rc6 {[%clk 0:05:57]} Rd8 {[%clk 0:25:53]} 33. h5 {[%clk 0:04:40]} Kf7 {[%clk
0:24:18]} 34. Nf4 {[%clk 0:03:48]} Ng5 {[%clk 0:20:11]} 35. Ng6 {[%clk 0:01:56]}
Nf3 {[%clk 0:18:09]} 36. Bc3 {[%clk 0:02:12]} Bb8 {[%clk 0:12:52]} 37. a4 {[%clk
0:02:14]} Ng1+ {[%clk 0:10:12]} 38. Ke1 {[%clk 0:02:35]} Nf3+ {[%clk 0:10:26]}
39. Ke2 {[%clk 0:02:58]} Ng1+ {[%clk 0:10:19]} 40. Ke1 {[%clk 0:03:22]} Nf3+
{[%clk 0:10:30]} 41. Ke2 {[%clk 0:03:22]} 1/2-1/2

[Event "Campeonato de España Veteranos 2017"]
[Site "Altea"]
[Date "2017.10.08"]
[Round "2"]
[White "Gonzalvez Perales, Jose Luis"]
[Black "Lopez Pereyra, Antonio"]
[Result "0-1"]
[Board "8"]
[WhiteElo "1988"]
[WhiteCountry "ESP"]
[WhiteFideId "2256720"]
[WhiteEloChange "-6"]
[BlackElo "2137"]
[BlackCountry "ESP"]
[BlackFideId "2227126"]
[BlackEloChange "6"]

1. e4 {[%clk 1:30:54]} c5 {[%clk 1:29:29]} 2. d4 {[%clk 1:31:14]} cxd4 {[%clk
1:29:13]} 3. c3 {[%clk 1:31:38]} Nf6 {[%clk 1:29:06]} 4. e5 {[%clk 1:32:03]} Nd5
{[%clk 1:29:28]} 5. cxd4 {[%clk 1:32:27]} e6 {[%clk 1:29:35]} 6. Nf3 {[%clk
1:32:31]} b6 {[%clk 1:29:44]} 7. Nc3 {[%clk 1:32:21]} Nxc3 {[%clk 1:29:41]} 8.
bxc3 {[%clk 1:32:45]} Qc7 {[%clk 1:30:03]} 9. Bd2 {[%clk 1:18:01]} Bb7 {[%clk
1:29:29]} 10. Bd3 {[%clk 1:15:27]} d6 {[%clk 1:26:16]} 11. O-O {[%clk 0:57:02]}
Nd7 {[%clk 1:22:38]} 12. Re1 {[%clk 0:43:14]} Be7 {[%clk 1:17:29]} 13. Qe2 {[%clk
0:34:30]} Rd8 {[%clk 1:14:20]} 14. exd6 {[%clk 0:22:06]} Bxd6 {[%clk 1:13:43]}
15. Ng5 {[%clk 0:19:08]} Nf6 {[%clk 1:07:05]} 16. Nxe6 {[%clk 0:16:28]} fxe6
{[%clk 1:07:20]} 17. Qxe6+ {[%clk 0:16:50]} Kf8 {[%clk 1:07:35]} 18. c4 {[%clk
0:13:07]} Bc8 {[%clk 1:01:36]} 19. Qe2 {[%clk 0:12:44]} Bxh2+ {[%clk 0:57:52]}
20. Kh1 {[%clk 0:10:44]} Re8 {[%clk 0:54:06]} 21. Qf3 {[%clk 0:09:59]} Bg4 {[%clk
0:43:57]} 22. Rxe8+ {[%clk 0:09:56]} Kxe8 {[%clk 0:44:21]} 23. Qa8+ {[%clk
0:10:05]} Qb8 {[%clk 0:44:30]} 24. Qc6+ {[%clk 0:10:10]} Kf7 {[%clk 0:41:10]} 25.
c5 {[%clk 0:06:18]} Be6 {[%clk 0:39:42]} 26. Re1 {[%clk 0:04:53]} Bd5 {[%clk
0:39:02]} 27. Qb5 {[%clk 0:03:58]} bxc5 {[%clk 0:38:19]} 28. Qxc5 {[%clk
0:04:14]} Bd6 {[%clk 0:38:38]} 29. Qa5 {[%clk 0:04:02]} Qc7 {[%clk 0:35:42]} 30.
Qa4 {[%clk 0:02:20]} Qd7 {[%clk 0:35:43]} 0-1

[Event "Campeonato de España Veteranos 2017"]
[Site "Altea"]
[Date "2017.10.08"]
[Round "2"]
[White "Aizpurua Blanco, Juan Antonio"]
[Black "Suba, Mihai"]
[Result "0-1"]
[Board "9"]
[WhiteElo "2014"]
[WhiteCountry "ESP"]
[WhiteFideId "2217040"]
[WhiteEloChange "-3"]
[BlackTitle "GM"]
[BlackElo "2315"]
[BlackCountry "ROU"]
[BlackFideId "1203363"]
[BlackEloChange "3"]

1. e4 {[%clk 1:30:51]} c5 {[%clk 1:30:54]} 2. Nf3 {[%clk 1:30:58]} d6 {[%clk
1:31:21]} 3. Bb5+ {[%clk 1:30:41]} Nd7 {[%clk 1:31:49]} 4. O-O {[%clk 1:29:04]}
Nf6 {[%clk 1:31:55]} 5. e5 {[%clk 1:24:50]} dxe5 {[%clk 1:32:07]} 6. Nxe5 {[%clk
1:25:05]} e6 {[%clk 1:31:05]} 7. d4 {[%clk 1:19:21]} Be7 {[%clk 1:28:50]} 8. dxc5
{[%clk 1:16:40]} Bxc5 {[%clk 1:26:48]} 9. Nc3 {[%clk 1:13:08]} O-O {[%clk
1:23:40]} 10. Nxd7 {[%clk 1:11:05]} Bxd7 {[%clk 1:23:34]} 11. Bxd7 {[%clk
1:10:51]} Qxd7 {[%clk 1:22:30]} 12. Bg5 {[%clk 1:02:08]} Qxd1 {[%clk 1:17:30]}
13. Raxd1 {[%clk 1:01:33]} Rfd8 {[%clk 1:17:48]} 14. Rxd8+ {[%clk 0:49:37]} Rxd8
{[%clk 1:16:45]} 15. Bxf6 {[%clk 0:49:08]} gxf6 {[%clk 1:17:07]} 16. Rd1 {[%clk
0:49:19]} Rxd1+ {[%clk 1:08:51]} 17. Nxd1 {[%clk 0:49:32]} f5 {[%clk 1:08:58]}
18. Kf1 {[%clk 0:48:24]} Kg7 {[%clk 1:00:51]} 19. c3 {[%clk 0:46:04]} Kf6 {[%clk
1:00:48]} 20. Ke2 {[%clk 0:43:46]} Ke5 {[%clk 0:56:23]} 21. b3 {[%clk 0:42:14]}
Kd5 {[%clk 0:52:28]} 22. Kd3 {[%clk 0:38:54]} Bd6 {[%clk 0:52:03]} 23. Ne3+
{[%clk 0:38:08]} Kc6 {[%clk 0:52:15]} 24. h3 {[%clk 0:37:00]} b5 {[%clk 0:51:47]}
25. c4 {[%clk 0:33:19]} Bc5 {[%clk 0:32:05]} 26. Nd1 {[%clk 0:28:52]} b4 {[%clk
0:29:44]} 27. f3 {[%clk 0:26:42]} f4 {[%clk 0:25:51]} 28. Ke4 {[%clk 0:25:33]}
Bd6 {[%clk 0:26:08]} 29. Nb2 {[%clk 0:22:10]} f5+ {[%clk 0:26:32]} 30. Kd3 {[%clk
0:21:05]} Be5 {[%clk 0:25:00]} 31. Kc2 {[%clk 0:19:35]} Bxb2 {[%clk 0:25:13]} 32.
Kxb2 {[%clk 0:19:59]} Kc5 {[%clk 0:25:00]} 33. Kc2 {[%clk 0:20:14]} Kd4 {[%clk
0:25:09]} 34. Kd2 {[%clk 0:20:26]} e5 {[%clk 0:25:07]} 35. Ke2 {[%clk 0:20:40]}
e4 {[%clk 0:24:18]} 36. Ke1 {[%clk 0:20:31]} e3 {[%clk 0:21:46]} 37. h4 {[%clk
0:20:03]} a5 {[%clk 0:21:10]} 38. h5 {[%clk 0:18:24]} h6 {[%clk 0:20:36]} 39. Ke2
{[%clk 0:18:45]} a4 {[%clk 0:18:13]} 40. Ke1 {[%clk 0:18:57]} Kc5 {[%clk
0:12:45]} 41. Ke2 {[%clk 0:19:14]} Kd6 {[%clk 0:12:43]} 42. Ke1 {[%clk 0:19:28]}
a3 {[%clk 0:12:30]} 43. Ke2 {[%clk 0:19:51]} Ke6 {[%clk 0:12:44]} 44. Ke1 {[%clk
0:20:16]} Ke5 {[%clk 0:12:59]} 45. Ke2 {[%clk 0:20:40]} Kd4 {[%clk 0:13:18]} 46.
Ke1 {[%clk 0:21:01]} Kc3 {[%clk 0:05:40]} 47. c5 {[%clk 0:21:23]} Kb2 {[%clk
0:06:08]} 48. c6 {[%clk 0:21:43]} Kxa2 {[%clk 0:06:36]} 49. c7 {[%clk 0:21:54]}
Kb2 {[%clk 0:06:53]} 50. c8Q {[%clk 0:22:12]} a2 {[%clk 0:07:04]} 51. Qh8+ {[%clk
0:21:19]} Kb1 {[%clk 0:07:29]} 52. Qxh6 {[%clk 0:18:15]} a1Q {[%clk 0:07:50]} 53.
Qd6 {[%clk 0:17:31]} Qc3+ {[%clk 0:07:09]} 54. Ke2 {[%clk 0:17:32]} Qc2+ {[%clk
0:07:03]} 0-1